000 00710nam a22001937a 4500
010 _a1718CH-EN
020 _a9780140375411
_c199.00
035 _aB-673274-285
037 _aDPL
_bBSB
082 _aS
100 _aDeshpande, Shashi
245 _aThe narayanpur incident /
_cby Shashi Deshpande; illustrated by Jaideep Chakravati
260 _aGurgaon
_bPuffin Book
_c2015
270 _a7th Floor, Infinity Tower C, DLF Cyber City,
_bGurgaon
_e122002
300 _a140p.
_c19cm(pbk)
700 _aChakrabarti, Jaideep
942 _2ddc
_cCH
_mDES
_hS
999 _c141628
_d141628